Регионална библиотека "Любен Каравелов" - Русе

Великите битки и борби на българите след Освобождението (Запис номер 81292)

MARC детайли
000 -Лидер
Контролно поле с фиксирана дължина 01675nam a2200373 c 4500
003 - Код на организацията, давaща контролен номер
Контролно поле BLK
005 - Дата и час на последна редакция
Контролно поле 20241009104304.0
008 - Елементи от данни с фиксирана дължина
fixed length control field 180408b bul|||||r ||||||| ||bul||
010 ## - Наследен системен номер
LC control number KNG00085794000
020 ## - Международен стандартен номер на книга ISBN
Международен стандартен номер на книга ISBN 954-8615-71-1
-- издат.: Световна библ.
040 ## - Източник на каталожния запис
Идентификатор на билиотеката - собственик на записа BLK
041 ## - Код за език
Код за езика на текст/звукозапис или на отделно заглавие Български
Код за езика КДБФ Български
080 ## - УДК
Текстов определител УДК Трета българска държава (от 1878)
УДК код - определител по УДК 94(497.2)"1878..."
УДК определител
УДК - код + определител 94(497.2)"1878..."
080 ## - УДК
Текстов определител УДК Военна история - Военни походи, битки, героични подвизи. Вж и 93/99
УДК код - определител по УДК 355.48
УДК определител (497.2)
УДК - код + определител 355.48(497.2)
139 ## - Редно поле
Редна дума Тренев, Александър Иванов
Авторски знак Трен - Т 82
245 10 - Сведения за заглавието
Заглавие Великите битки и борби на българите след Освобождението
Подзаглавни данни Ил. енциклопедия
Редно поле (дума) текст Александър Иванов Тренев; ил. Александър Петров Въчков.
257 ## - Страна на издаване
Страна на създаване/издаване България
260 ## - Област на издателските данни
-- София
Име на издателя, разпространителя и проч. Световна библ.
Година на издаване 2007
300 ## - Физическа характеристика
Страници 80 с.
Илюстрации и др. с цв. ил.
Размери/Мащаб 28 см
380 ## - Жанр
Жанр Детска отраслова лит.
650 #4 - Допълнително описание по предмет – тема
Основно описание – тема или топоним България - военна история
9 (RLIN) 241785
650 #4 - Допълнително описание по предмет – тема
Основно описание – тема или топоним Военно дело - история
9 (RLIN) 288153
651 #4 - Допълнително описание по предмет - топоним
Географско понятие България
9 (RLIN) 241624
653 ## - Ключова дума – ненормативна
Ключова дума история
653 ## - Ключова дума – ненормативна
Ключова дума военно дело
700 1# - Други автори (авторска отговорност)
Лично име Тренев, Александър Иванов
Автороска отговорност (Описва отношението между автора и произведението) текст
9 (RLIN) 371928
700 1# - Други автори (авторска отговорност)
Лично име Въчков, Александър Петров
Автороска отговорност (Описва отношението между автора и произведението) ил.
9 (RLIN) 370607
852 ## - Местоположение
Форматна сигнатура Цб ІІ 15340
856 4# - Електронен адрес и достъп
Електронен формат pdf - файл
Път до файла /url/
856 4# - Електронен адрес и достъп
Електронен формат pdf - файл
Път до файла /url/
942 ## - АРТИКУЛИ
Вид на библиотечния материал Книги
Скрит в OPAC Не
Koha issues (borrowed), all copies 5
944 ## - СЪЗДАВАНЕ И РЕДАКЦИЯ на ЗАПИСА
Създаване/Редакция Създаване
Дата на регистрацията/редакция 25.09.2008
Служител, извършил регистрацията/редакцията 30551
Статус, дата на статуса Бояна Костадинова
944 ## - СЪЗДАВАНЕ И РЕДАКЦИЯ на ЗАПИСА
Създаване/Редакция Редакция
Дата на регистрацията/редакция 30.09.2008
Служител, извършил регистрацията/редакцията
999 ## - СИСТЕМНИ КОНТРОЛНИ НОМЕРА
Koha biblionumber 81292
Koha biblioitemnumber 81292
Наличности
Код за отписване Код за изгубен артикул Код за повреда Коз за рестрикции Код за отдаване Артикулен № Име на библиотеката - собственик Име на библиотеката, в която се намира в момента Статус (Текущо местоположение) Дата на вписване в системата Местоположение - отдел Цена в лева Инвентарен номер Систематично азбучна сигнатура Баркод Номер на екземпляра Цена в евро Служебна бележка Служебен тип на артикула
  Не е изгубен Не е повреден без рестрикции заемане за дома 131685 Регионална библиотека "Любен Каравелов" Русе Регионална библиотека "Любен Каравелов" Русе Детски отдел 2008-09-24 Детски отдел 12.00 120000729271 ДН 949.72.05/Т 82 120000729271 1 6.14 Дост: Pk Вид: Ф N: 8927 Дата: 24.09.2008 Дата инв: 25.08.2015 Бележки инв: Д2015 Книги
  Не е изгубен Не е повреден без рестрикции заемане за дома 131686 Регионална библиотека "Любен Каравелов" Русе Регионална библиотека "Любен Каравелов" Русе Детски отдел 2008-09-24 Детски отдел 12.00 120000729272 ДН 949.72/Т 82 120000729272 2 6.14 Дост: Pk Вид: Ф N: 8927 Дата: 24.09.2008 Дата инв: 25.08.2015 Бележки инв: Д2015 Книги
  Не е изгубен Не е повреден без рестрикции заемане за дома 131687 Регионална библиотека "Любен Каравелов" Русе Регионална библиотека "Любен Каравелов" Русе Детски отдел 2008-09-24 Детски отдел 12.00 120000729273 ДН 949.72/Т 82 120000729273 3 6.14 Дост: Pk Вид: Ф N: 8927 Дата: 24.09.2008 Дата инв: 25.08.2015 Бележки инв: Д2015 Книги
Vip Innovations Ltd, Rousse, Bulgaria 2025